Perspektíva vstupu Ruskej federácie do WTO

Problémy brániace vstupu Ruska do WTO. Analýza niektorých citlivých priemyselných odvetví a sektorov. Vplyv sektora služieb na vstup RF do WTO. Vplyv dodržiavania práva duševného vlastníctva na členstvo RF do WTO. Ekonomický vplyv členstva vo WTO na Ruskú federáciu.

Gespeichert in:
Bibliographische Detailangaben
1. Verfasser: Kašťáková, Elena, 1974-
Weitere Verfasser: Oleksik, Ivan
Format: Buchkapitel
Sprache:Slowakisch
Schlagworte:
Tags: Tag hinzufügen
Keine Tags, Fügen Sie das erste Tag hinzu!

MARC

LEADER 00000naa$a2200000$$$4500
001 0081815
005 20240711110131.7
041 0 |a slo 
044 |a SK 
245 1 0 |a Perspektíva vstupu Ruskej federácie do WTO  |c Elena Kašťáková, Ivan Oleksik 
520 |a Problémy brániace vstupu Ruska do WTO. Analýza niektorých citlivých priemyselných odvetví a sektorov. Vplyv sektora služieb na vstup RF do WTO. Vplyv dodržiavania práva duševného vlastníctva na členstvo RF do WTO. Ekonomický vplyv členstva vo WTO na Ruskú federáciu. 
610 2 0 |a Svetová obchodná organizácia 
610 2 0 |a Rusko 
610 2 0 |a obchod zahraničný 
610 2 0 |a obchod svetový 
610 2 0 |a politika medzinárodná 
610 2 0 |a služby 
610 2 0 |a vlastníctvo duševné 
100 1 |a Kašťáková, Elena, 1974- 
700 1 |a Oleksik, Ivan